000 00923nam0a22002531 4500
001 RU\NLR\INFOCOMM_165\5000007143
005 20250613093709.0
010 _bВ пер.
_dБ. ц.
035 _a(NLR Aleph) 009216859
090 _a8782976
_c8782976
100 _a20100526d1952 |||y0rusy50 ca
101 0 _afre
102 _aRU
105 _aa ||||000|y
200 1 _aDocuments
_fConférence de toutes les églises et associations religieuses de l'URSS pour la défense de la paix dans le monde. Zagorsk. 9-12 mai 1952
210 _aΜ.
_cEd. du Patriarcat de Moscou
_d[1952]
215 _a321 с.
_cпортр.
_d20 см
686 _aИр4828
_2rubbk
710 1 2 _aConférence de toutes les églises et associations religieuses de l'URSS pour la défense de la paix dans le monde
_eZagorsk
_f1952
_4070
801 1 _aRU
_bNLR
_c20100526
801 0 _aRU
_bNLR
_gPSBO
852 _aNLR
_jИр51 Г-3/111
942 _cBOOK
980 _aNB